Organizaciones (Registro nro. 170)
[ vista simple ]
| 000 -LEADER | |
|---|---|
| fixed length control field | 01519 a2200277 4500 |
| 001 - CONTROL NUMBER | |
| control field | 256 |
| 005 - DATE AND TIME OF LATEST TRANSACTION | |
| control field | 20260407155417.0 |
| 008 - FIXED-LENGTH DATA ELEMENTS--GENERAL INFORMATION | |
| fixed length control field | 260407a2006 arg spa d |
| 003 - CONTROL NUMBER IDENTIFIER | |
| control field | AR-UNSa-BCEJYS |
| 040 ## - CATALOGING SOURCE | |
| Original cataloging agency | AR-UNSa-BCEJYS |
| Language of cataloging | spa |
| Transcribing agency | AR-UNSa-BCEJYS |
| 080 ## - UNIVERSAL DECIMAL CLASSIFICATION NUMBER | |
| Universal Decimal Classification number | 658.012.32 |
| Common auxiliary subdivision | Formas de organización, de gestión |
| 020 ## - INTERNATIONAL STANDARD BOOK NUMBER | |
| International Standard Book Number | 978-970-10-5619-6 |
| 041 ## - LANGUAGE CODE | |
| Language code of text/sound track or separate title | spa |
| 100 1# - MAIN ENTRY--PERSONAL NAME | |
| Personal name | Gibson, James L. |
| 245 10 - TITLE STATEMENT | |
| Title | Organizaciones |
| Name of part/section of a work | comportamiento, estructura, procesos |
| 250 ## - EDITION STATEMENT | |
| Edition statement | 12a. ed |
| 264 #1 - PRODUCTION, PUBLICATION, DISTRIBUTION, MANUFACTURE, AND COPYRIGHT NOTICE | |
| Place of production, publication, distribution, manufacture | México : |
| Name of producer, publisher, distributor, manufacturer | McGraw-Hill |
| Date of production, publication, distribution, manufacture, or copyright notice | 2006 |
| 300 ## - PHYSICAL DESCRIPTION | |
| Extent | xviii, 602 p. |
| Dimensions | 27 cm |
| 505 ## - FORMATTED CONTENTS NOTE | |
| Formatted contents note | 1. Estudio de las organizaciones 2. Cultura organizacional 3. Globalización 4. Comportamiento individual y diferencias 5. Motivación. Antecedentes y teorías 6. Motivación. Aplicaciones organizacionales 7. Estrés en el lugar de trabajo. Temas y administración 8. Comportamiento de grupos y equipos 9. Conflicto y negociación 10. Poder y política 11. Liderazgo. Fundamentos 12. Liderazgo. Conceptos en surgimiento y en cambio 13. Diseño del puesto 14. Estructura organizacional 15. Administrar los procesos de comunicación 16. Toma de decisiones 17. Manejo del cambio organizacional y el aprendizaje |
| 590 ## - LOCAL NOTE (RLIN) | |
| Local note | niveau_biblio:m niveau_hierar:0 |
| 700 1# - ADDED ENTRY--PERSONAL NAME | |
| Personal name | Ivancevich, John M. |
| 700 1# - ADDED ENTRY--PERSONAL NAME | |
| Personal name | Donnelly, James H., Jr. |
| 700 1# - ADDED ENTRY--PERSONAL NAME | |
| Personal name | Konopaske, Robert |
| 856 41 - ELECTRONIC LOCATION AND ACCESS | |
| Uniform Resource Identifier | <a href="https://biblioeco.unsa.edu.ar/pmb/images/libros/Organizaciones, comportamientos, estructuras, procesos2-l117684.jpg">https://biblioeco.unsa.edu.ar/pmb/images/libros/Organizaciones, comportamientos, estructuras, procesos2-l117684.jpg</a> |
| Link text | Imagen de portada |
| Electronic format type | image/jpeg |
| 942 ## - ADDED ENTRY ELEMENTS (KOHA) | |
| Koha item type | |
| Withdrawn status | Lost status | Damaged status | Not for loan | Home library | Current library | Shelving location | Date acquired | Total checkouts | Full call number | Barcode | Date last seen | Price effective from | Koha item type |
|---|---|---|---|---|---|---|---|---|---|---|---|---|---|
| Biblioteca Prof. Eusebio Cleto del Rey | Biblioteca Prof. Eusebio Cleto del Rey | 07/04/2026 | 658.012.32 O68 12ed. | L117684 | 07/04/2026 | 07/04/2026 | Libro | ||||||
| Biblioteca Prof. Eusebio Cleto del Rey | Biblioteca Prof. Eusebio Cleto del Rey | 07/04/2026 | 658.012.32 O68 12ed. | L126162 | 07/04/2026 | 07/04/2026 | Libro |